Loading...
Literature - Euro Lit | 1 | 5 | 0 | 0 | 65 | 47 | 96.50 | 4 | 6 |
Thought - Philosophy | 1 | 5 | 1 | 1 | 60 | 36 | 89.17 | 4 | 6 |
Thought - Social Science | 1 | 4 | 0 | 0 | 55 | 55 | 83.60 | 2 | 5 |
History - American History | 2 | 2 | 1 | 0 | 45 | 32 | 75.00 | 2 | 4 |
Arts - Other Arts | 1 | 3 | 1 | 1 | 40 | 64 | 94.75 | 0 | 4 |
History - Euro History | 0 | 4 | 0 | 3 | 40 | 85 | 108.50 | 0 | 4 |
Literature - British Lit | 0 | 4 | 1 | 0 | 35 | 112 | 121.75 | 1 | 4 |
Literature - American Lit | 0 | 4 | 1 | 1 | 35 | 88 | 124.00 | 2 | 4 |
Science - Chemistry | 0 | 3 | 0 | 2 | 30 | 108 | 120.00 | 0 | 3 |
Literature - World Lit | 0 | 3 | 0 | 0 | 30 | 86 | 104.33 | 3 | 3 |
Science - Other Science | 0 | 3 | 1 | 0 | 25 | 110 | 124.00 | 0 | 3 |
Science - Biology | 0 | 3 | 1 | 0 | 25 | 85 | 109.67 | 2 | 3 |
Other - Other Academic | 0 | 3 | 1 | 0 | 25 | 77 | 92.67 | 1 | 3 |
Beliefs - Religion | 0 | 2 | 0 | 0 | 20 | 101 | 104.00 | 1 | 2 |
Arts - Music | 0 | 2 | 0 | 0 | 20 | 121 | 128.00 | 0 | 2 |
Arts - Painting | 0 | 3 | 2 | 1 | 20 | 112 | 125.33 | 0 | 3 |
Science - Engineering | 0 | 2 | 0 | 0 | 20 | 101 | 116.00 | 1 | 2 |
Beliefs - Mythology | 0 | 2 | 1 | 0 | 15 | 111 | 124.00 | 0 | 2 |
Science - Physics | 0 | 2 | 1 | 1 | 15 | 89 | 106.00 | 0 | 2 |
Other - Geo/CE | 0 | 2 | 2 | 0 | 10 | 86 | 96.50 | 0 | 2 |
Other - Pop Culture | 0 | 1 | 0 | 1 | 10 | 93 | 93.00 | 1 | 1 |
History - Other History | 0 | 1 | 3 | 1 | -5 | 129 | 129.00 | 0 | 1 |
History - World History | 0 | 1 | 3 | 0 | -5 | 95 | 95.00 | 1 | 1 |